000
00328nam a2200133Ia 4500
008
220613s9999||||xx |||||||||||||| ||und||
100
_a
Mary E Klingensmith
245
4
_a
The washington manual of Surgery
250
_a
6th(2012)
260
_b
Lippincott Williams & Wilkins
300
_a
930
650
_a
Surgery
942
_c
SURG
999
_c
9481
_d
9481